Honduras : Request for a Three-Year Arrangement Under the Poverty Reduction and Growth Facility and Interim Assistance Under the Enhanced Initiative for Heavily Indebted Poor Countries-Staff Report; Staff Statement; Press Release on the Executive Board Discussion; and Statement by the Executive Director for Honduras.

Honduras's request for a Three-Year Arrangement Under the Poverty Reduction and Growth Facility and Interim Assistance Under the Enhanced Initiative for Heavily Indebted Poor Countries is discussed. The social consultation has allowed the government to implement a vital reform of public sector...

Descrición completa

Detalles Bibliográficos
Autor Corporativo: International Monetary Fund
Formato: Revista
Idioma:English
Publicado: Washington, D.C. : International Monetary Fund, 2006.
Series:IMF Staff Country Reports; Country Report ; No. 2006/048
Acceso en liña:Full text available on IMF
LEADER 01906cas a2200241 a 4500
001 AALejournalIMF004021
008 230101c9999 xx r poo 0 0eng d
020 |c 5.00 USD 
020 |z 9781451817188 
022 |a 1934-7685 
040 |a BD-DhAAL  |c BD-DhAAL 
110 2 |a International Monetary Fund. 
245 1 0 |a Honduras :   |b Request for a Three-Year Arrangement Under the Poverty Reduction and Growth Facility and Interim Assistance Under the Enhanced Initiative for Heavily Indebted Poor Countries-Staff Report; Staff Statement; Press Release on the Executive Board Discussion; and Statement by the Executive Director for Honduras. 
264 1 |a Washington, D.C. :  |b International Monetary Fund,  |c 2006. 
300 |a 1 online resource (103 pages) 
490 1 |a IMF Staff Country Reports 
500 |a <strong>Off-Campus Access:</strong> No User ID or Password Required 
500 |a <strong>On-Campus Access:</strong> No User ID or Password Required 
506 |a Electronic access restricted to authorized BRAC University faculty, staff and students 
520 3 |a Honduras's request for a Three-Year Arrangement Under the Poverty Reduction and Growth Facility and Interim Assistance Under the Enhanced Initiative for Heavily Indebted Poor Countries is discussed. The social consultation has allowed the government to implement a vital reform of public sector wage policy. A reduction in the pressure of the civil service wage bill is the key for restoring the sustainability of the public finances. An ambitious financial sector reform is designed to address bank fragilities; and far-reaching transparency and anti-corruption measures aim to improve governance. 
538 |a Mode of access: Internet 
830 0 |a IMF Staff Country Reports; Country Report ;  |v No. 2006/048 
856 4 0 |z Full text available on IMF  |u http://elibrary.imf.org/view/journals/002/2006/048/002.2006.issue-048-en.xml  |z IMF e-Library